Texas A&M Football: Top 10 All-Time Leaders - Statistics

General Stats
  • This quiz has been taken 32 times
  • The average score is 13 of 54
Answer Stats
Category # Player Amount % Correct
Passing Yards 3 Johnny Manziel 7,820
89%
Passing Yards 1 Kellen Mond 9,661
85%
Receiving Yards 6 Mike Evans 2,499
85%
Sacks 6 Myles Garrett 32.5
81%
Receiving Yards 7 Ainias Smith 2,407
52%
Passing Yards 2 Jerrod Johnson 8,011
52%
Interceptions 1 Kevin Smith 20
52%
Sacks 5 Von Miller 33.0
52%
Receiving Yards 10 Bethel Johnson 1,740
44%
Rushing Yards 3 Trayveon Williams 3,379
44%
Tackles 1 Dat Nguyen 517
41%
Passing Yards 8 Ryan Tannehill 5,450
41%
Receiving Yards 3 Christian Kirk 2,856
37%
Receiving Yards 1 Ryan Swope 3,117
37%
Rushing Yards 7 Isaiah Spiller 2,993
33%
Passing Yards 6 Kevin Murray 6,506
30%
Interceptions T6 Sammy Davis 11
30%
Rushing Yards 6 Rodney Thomas 3,014
22%
Passing Yards 7 Stephen McGee 5,475
22%
Passing Yards 5 Corey Pullig 6,846
19%
Sacks 2 Jacob Green 37.0
19%
Receiving Yards 4 Josh Reynolds 2,788
19%
Interceptions 3 Pat Thomas 13
19%
Rushing Yards 9 Bubba Bean 2,846
15%
Receiving Yards 2 Jeff Fuller 3,092
15%
Interceptions 2 Lester Hayes 14
15%
Tackles 5 Ray Childress 360
15%
Sacks 9 Ray Childress 25.0
15%
Rushing Yards 4 Cyrus Gray 3,298
11%
Rushing Yards 10 Dante Hall 2,818
11%
Rushing Yards 1 Darren Lewis 5,012
11%
Rushing Yards 5 Greg Hill 3,262
11%
Passing Yards 4 Reggie McNeal 6,992
11%
Receiving Yards 5 Terrence Murphy 2,600
11%
Sacks 1 Aaron Wallace 42.0
7%
Rushing Yards 2 Curtis Dickey 3,703
7%
Sacks 8 Damontre Moore 26.5
7%
Interceptions T4 Dave Elmendorf 12
7%
Passing Yards 9 Edd Hargett 5,379
7%
Rushing Yards 8 George Woodard 2,911
7%
Interceptions T6 Jaxson Appel 11
7%
Receiving Yards 9 Jhamon Ausbon 1,818
7%
Sacks 3 John Roper 36.0
7%
Sacks 4 Keith Mitchell 34.0
7%
Passing Yards 10 Mark Farris 4,949
7%
Receiving Yards 8 Uzoma Nwachukwu 2,239
7%
Interceptions T6 Bill Hobbs 11
4%
Tackles 4 Ed Simonini 425
4%
Interceptions T6 Joe Boring 11
4%
Interceptions T4 John Kimbrough 12
4%
Tackles 2 Johnny Holland 455
4%
Interceptions T6 Kip Corrington 11
4%
Sacks 7 Marcus Buckley 29.0
4%
Tackles 3 Mike Little 448
4%
No matching quizzes found
Score Distribution
Percent of People with Each Score
Percentile by Number Answered
Your Score History
You have not taken this quiz